Presidential power, the politics of leadership. (Record no. 250)
[ view plain ]
| 000 -LEADER | |
|---|---|
| fixed length control field | 01388cam a22003131 4500 |
| 001 - CONTROL NUMBER | |
| control field | 0000000300 |
| 005 - DATE AND TIME OF LATEST TRANSACTION | |
| control field | 20170406112519.0 |
| 008 - FIXED-LENGTH DATA ELEMENTS--GENERAL INFORMATION | |
| fixed length control field | 721120s1960 nyum b a000 0 eng |
| 010 ## - LIBRARY OF CONGRESS CONTROL NUMBER | |
| LC control number | 60009620 |
| 015 ## - NATIONAL BIBLIOGRAPHY NUMBER | |
| National bibliography number | GB60-11367 |
| 035 ## - SYSTEM CONTROL NUMBER | |
| System control number | (OCoLC)499180 |
| 035 ## - SYSTEM CONTROL NUMBER | |
| System control number | (OCoLC)499180 |
| 040 ## - CATALOGING SOURCE | |
| Original cataloging agency | DLC |
| Transcribing agency | WSU |
| Modifying agency | OCL |
| -- | SER |
| -- | UKM |
| -- | OCLCQ |
| -- | NLGGC |
| -- | LVB |
| -- | XND |
| -- | AU@ |
| -- | NIALS |
| -- | GDC |
| -- | MOZ |
| 043 ## - GEOGRAPHIC AREA CODE | |
| Geographic area code | n-us--- |
| 050 00 - LIBRARY OF CONGRESS CALL NUMBER | |
| Classification number | JK516 |
| Item number | .N4 |
| 082 00 - DEWEY DECIMAL CLASSIFICATION NUMBER | |
| Classification number | 353.032 |
| 100 1# - MAIN ENTRY--PERSONAL NAME | |
| Personal name | Neustadt, Richard E. |
| 245 10 - TITLE STATEMENT | |
| Title | Presidential power, the politics of leadership. |
| 260 ## - PUBLICATION, DISTRIBUTION, ETC. | |
| Place of publication, distribution, etc. | New York : |
| Name of publisher, distributor, etc. | Wiley, |
| Date of publication, distribution, etc. | [1960] |
| 300 ## - PHYSICAL DESCRIPTION | |
| Extent | 224 p. : |
| Other physical details | ill. ; |
| Dimensions | 24 cm. |
| 504 ## - BIBLIOGRAPHY, ETC. NOTE | |
| Bibliography, etc. note | Includes bibliographical references. |
| 505 0# - FORMATTED CONTENTS NOTE | |
| Formatted contents note | Leader or clerk? -- Three cases of command -- The power to persuade -- Professional reputation -- Public prestige -- Two matters of choice -- Men in office -- The sixties come next. |
| 650 #0 - SUBJECT ADDED ENTRY--TOPICAL TERM | |
| Topical term or geographic name entry element | Presidents |
| Geographic subdivision | United States. |
| 776 08 - ADDITIONAL PHYSICAL FORM ENTRY | |
| Relationship information | Online version: |
| Title | Presidential power, the politics of leadership. |
| Place, publisher, and date of publication | New York, Wiley [1960] |
| Record control number | (OCoLC)576962011. |
| 776 08 - ADDITIONAL PHYSICAL FORM ENTRY | |
| Relationship information | Online version: |
| Title | Presidential power, the politics of leadership. |
| Place, publisher, and date of publication | New York, Wiley [1960] |
| Record control number | (OCoLC)631644055. |
| 908 ## - PUT COMMAND PARAMETER (RLIN) | |
| Put command parameter | 131017 |
| 913 ## - | |
| -- | N |
| 989 #7 - | |
| -- | presidential_power_the_politics_of_leadership____________________1960224____wia_______________________________ |
| Withdrawn status | Lost status | Source of classification or shelving scheme | Damaged status | Not for loan | Home library | Current library | Shelving location | Date acquired | Total Checkouts | Full call number | Barcode | Date last seen | Price effective from | Koha item type |
|---|---|---|---|---|---|---|---|---|---|---|---|---|---|---|
| CUZ Harare Campus | CUZ Harare Campus | Open Shelf | 06.04.2017 | JK 516.N4 NEU | BK0000344 | 22.05.2025 | 06.04.2017 | OS Book |